00530nam a2200181Ia 4500003000400000005001700004008004100021020002200062040000700084041000800091082002200099100002200121245012900143260003200272300001700304365001300321650001400334OSt20230613105813.0210423s2018 xx 000 0 und d a978-93-5013-671-3 cAL aeng a331.02 223bRAKU aRAKESH (Raghubar) aUpkars UGC NET JRF SET labour welfare and industrial relations labour and social welfare human resource management: paper II aAgrabUpkar prakashanc2018 aviii,400bPB b350cINR aEconomics